| 000 | 01581nam a2200397 c 4500 | ||
|---|---|---|---|
| 999 |
_c109416 _d109416 |
||
| 003 | BLK | ||
| 005 | 20240205100546.0 | ||
| 008 | 180409b bul|||||r ||||||| ||bul|| | ||
| 010 | _aKNG00114733000 | ||
| 020 | _a954-444-002-Х | ||
| 040 | _aBLK | ||
| 041 |
_aBUL _cBUL |
||
| 080 |
_aАмериканска литература (на САЩ) _b821.111(73) _x-312.9 _z821.111(73)-312.9 |
||
| 100 | 1 |
_aАндерсън, Пол _eпърви автор _9265054 |
|
| 139 |
_aАндерсън, Пол _bА 65 |
||
| 245 | 1 | 0 |
_aОперация "Хаос" _bФантаст. роман : Кн. 1 - 2 _cПол Андерсън; прев. от англ. Весела Петрова; предг. от Росица Панайотова. _nКн. 1 |
| 257 | _aUSA | ||
| 260 |
_aСофия _bОрфия _c1991 - _9209551 _n954-444- |
||
| 300 | _c16 см | ||
| 380 | _aX | ||
| 490 |
_aФантастика _v002 _9201187 |
||
| 500 | _aОриг. загл. Operation Chaos / Poul Anderson. - 50 000 тир. | ||
| 653 | _aфантастика | ||
| 653 | _aромани | ||
| 700 | 1 |
_aПетрова, Весела _eпрев. от англ. _9363689 |
|
| 700 |
_aПанайотова, Росица Христова _d1957- _9371242 |
||
| 760 | 1 |
_aАндерсън, Пол _dОрфия, 1991 _h160 с. _tКн. 1 |
|
| 852 | _aЦб І 25266 | ||
| 856 | 4 |
_qpdf _i0.00 _ldisable |
|
| 856 | 4 |
_qpdf _i0.00 _ldisable |
|
| 942 |
_cKNG _n0 _s1 |
||
| 944 |
_aCR _c23.08.2004 _k30556 _lТеодора Пейчева-Дянкова |
||
| 944 |
_aED _c11.06.2010 |
||
| 999 | _d109416 | ||
| 999 | _d109416 | ||